| 000 | 00795nam a2200229 u 4500 | ||
|---|---|---|---|
| 001 | 000004816 | ||
| 003 | OSt | ||
| 005 | 20201009135909.0 | ||
| 008 | 090727s1995 dr r 000 0 spa d | ||
| 040 |
_aDO-SdBNP _bspa _cBNPHU |
||
| 082 |
_axxxx _bR883ch |
||
| 100 | 1 |
_aRowland Cruz, James A., _913980 _d1952- |
|
| 245 | 1 | 3 |
_aEl cheque : _bestudio legal, jurisprudencial y dotrinal en la República Dominicana / _cJames A. Rowland. |
| 260 |
_aSanto Domingo : _bCorripio, _c1995. |
||
| 300 |
_a204 p. ; _c23 cm. |
||
| 500 | _aIncluye índice | ||
| 500 | _aIncluye referencias bibliográficas y notas al pie de las páginas | ||
| 500 | _aIncluye datos biográficos del autor en la solapa de la contracubierta. | ||
| 504 | _aBibliografía : p. 203-204 | ||
| 942 |
_2ddc _cLF1 |
||
| 956 | _aLOPEREZ | ||
| 999 |
_c4622 _d4622 |
||